WINNING HOW WINNERS THINK WHAT CHAMPIONS (Record no. 7941)
[ view plain ]
| 000 -LEADER | |
|---|---|
| fixed length control field | 00336nam a2200133Ia 4500 |
| 008 - FIXED-LENGTH DATA ELEMENTS--GENERAL INFORMATION | |
| fixed length control field | 240624s9999 xx 000 0 und d |
| 041 ## - LANGUAGE CODE | |
| Language code of text/sound track or separate title | eng |
| 082 ## - DEWEY DECIMAL CLASSIFICATION NUMBER | |
| Classification number | 158.1 RAE |
| 100 ## - MAIN ENTRY--PERSONAL NAME | |
| Personal name | RAETHER EDIE |
| 245 ## - TITLE STATEMENT | |
| Title | WINNING HOW WINNERS THINK WHAT CHAMPIONS |
| 260 ## - PUBLICATION, DISTRIBUTION, ETC. | |
| Date of publication, distribution, etc. | 2005 |
| Place of publication, distribution, etc. | New Delhi |
| Name of publisher, distributor, etc. | Macmillan |
| 300 ## - PHYSICAL DESCRIPTION | |
| Extent | 178 : p. : cm. ; 22 |
| 365 ## - TRADE PRICE | |
| Currency code | RS |
| Withdrawn status | Lost status | Damaged status | Not for loan | Home library | Current library | Shelving location | Date acquired | Cost, normal purchase price | Total Checkouts | Total Renewals | Full call number | Barcode | Date last seen | Date last checked out | Copy number | Price effective from | Koha item type |
|---|---|---|---|---|---|---|---|---|---|---|---|---|---|---|---|---|---|
| IMTN | IMTN | Rack 1-B | 01/07/2008 | 198.00 | 2 | 1 | 158.1 RAE | 7941 | 02/01/2025 | 01/22/2025 | 1 | 06/24/2024 | Books |